| 000 | 01724cam a22004337a 4500 | ||
|---|---|---|---|
| 003 | CHAP | ||
| 005 | 20220817044031.0 | ||
| 008 | 005072d2004 es abd r 00110 spa d | ||
| 010 | _a90574 | ||
| 011 | _a91546 | ||
| 020 | _a8486762033 | ||
| 035 | _a102105 | ||
| 040 | _cCHAP | ||
| 082 | 0 | 4 |
_a674 _bT6 2004 |
| 100 | 0 | 0 |
_aTolosana Esteban, Eduardo. _9113653 |
| 245 | 1 | 3 |
_aEl aprovechamiento maderero _c/por Eduardo Tolosana Esteban, Víctor M. González G. de Linares y Santiago Vignote Peña |
| 250 | _a2 ed. | ||
| 260 |
_aMadrid : _bMundi-Prensa, _c2004 |
||
| 300 |
_a628 p. : _bilus. ; gráfs. ; mapas ; tablas |
||
| 590 |
_aBATCH-UPD _b10 _c20130110 _lUCH01 _h0514 |
||
| 590 |
_aBATCH-UPD _b10 _c20130110 _lUCH01 _h2155 |
||
| 590 |
_aBATCH-UPD _b10 _c20130410 _lUCH01 _h0153 |
||
| 590 |
_aBATCH-UPD _b10 _c20130914 _lUCH01 _h1547 |
||
| 590 |
_aCONVERSION _b10 _c20130109 _lUCH01 _h1350 |
||
| 650 | 1 | 4 |
_aMadera. _969594 |
| 650 | 1 | 4 |
_aMadera _xMercadeo. _969612 |
| 650 | 1 | 4 |
_aMadera _xTecnología. _969629 |
| 650 | 1 | 4 |
_aMadera _xTransporte. _969633 |
| 700 | 0 | _aGonzález G. de Linares, Victor M. | |
| 700 | 0 |
_aVignote Peña, Santiago. _9119322 |
|
| 901 | _aBK | ||
| 905 | _aLilia | ||
| 942 | _cLIBRO | ||
| 949 |
_a674 T6 2004 _bBC _cLIBRO _d33724000975090 _eLIBRO _gI.224199 _h106257 _i102105 _si _t$1.260.00 |
||
| 949 |
_a674 T6 2004 _bBC _cLIBRO _d33724000975157 _eLIBRO _fc.3 _gI.224201 _h106259 _i102105 _si _t$1.260.00 |
||
| 949 |
_a674 T6 2004 _bBC _cLIBRO _d33724000975215 _eLIBRO _fc.2 _gI.224200 _h106258 _i102105 _si _t$1.260.00 |
||
| 949 |
_a674 T6 2004 _bBC _cLIBRO _d33724002050827 _eLIBRO _fc.4 _gI.c/e _h109308 _i102105 _si _t$1.260.00 |
||
| 949 |
_a674 T6 2004 _bBC _cLIBRO _d33724002050934 _eLIBRO _fC.5 _gI.c/e _h109309 _i102105 _si _t$1.260.00 |
||
| 999 |
_c90574 _d90574 |
||